Lógica

Guardat en:
Dades bibliogràfiques
Autor corporatiu: National Council of Teachers of Mathematics, U.S.A (Autor)
Format: Llibre
Idioma:espanyol
Publicat: Ciudad de México Trillas 1970
Col·lecció:Colección Temas de Matemáticas, 12
Matèries:
Etiquetes: Afegir etiqueta
Sense etiquetes, Sigues el primer a etiquetar aquest registre!

MARC

LEADER 00000cam a2200000 a 4500
001 UCM2310
003 CL-VaPUC
008 020503e19700000MX |||||||||||||||||spa|d
082 0 4 |a 511.3  |b NAT  |2 21 
110 2 |a National Council of Teachers of Mathematics, U.S.A  |e author  |9 469061 
245 1 0 |a Lógica 
300 |a 64 p 
942 |c BK 
945 |d 20020503 00:00:00  |a vberengu 
260 |a Ciudad de México  |b Trillas  |c 1970 
650 0 |a Lógica matemática   |9 262442 
650 7 |a LENGUAJE MATEMATICO  |2 CL-VaPUC  |9 395347 
583 |a last modification  |c 20120903 11:54:41  |k Rodrigo Vera 
490 0 |a Colección Temas de Matemáticas, 12 
999 |c 300219  |d 300217 
952 |0 0  |1 0  |4 0  |6 511_300000000000000_NAT_1970  |7 0  |8 A  |9 357703  |a BIBMAT  |b BIBMAT  |c E_DIDACT  |d 2019-11-21  |i 3812553  |o 511.3 NAT 1970  |p 3812553  |r 2025-01-07  |w 2019-11-21  |y BK  |k MAT 
952 |0 0  |1 0  |4 0  |6 511_300000000000000_NAT_1970  |7 0  |8 A  |9 357704  |a BIBMAT  |b BIBMAT  |c E_DIDACT  |d 2019-11-21  |i 4888197  |o 511.3 NAT 1970  |p 4888197  |r 2023-12-20  |w 2019-11-21  |y BK  |k MAT